00353nam a2200121 a 4500008004100000050001500041100003300056245006000089250001200149260004000161300002100201350000900222120416s1983 ||||||||||||||||| || u aTS 155 Buf aBuffa, Elwood Spencer, 1923-10aModern production (and) operations management (7th ed.) a7th ed. aNew YorkbJohn Wiley and Sonsc1983 axv, 681p. : ill. a0.00